[Event "Women's Speed Chess Q7"]
[Site "chess.com INT"]
[Date "2021.06.06"]
[Round "19"]
[White "Ziegenfuss, Antonia"]
[Black "Selkirk, Rebecca"]
[Result "1-0"]
[WhiteTitle "WFM"]
[BlackTitle "WCM"]
[WhiteElo "2157"]
[BlackElo "1799"]
[WhiteFideId "12962554"]
[BlackFideId "14306514"]
[EventDate "2021.06.06"]

1. d4 d5 2. c4 c6 3. Nc3 Nf6 4. cxd5 cxd5 5. f3 Nc6 6. e4 dxe4 7. d5 Ne5 8. fxe4
Bd7 9. Nf3 Ng6 10. e5 Ng4 11. e6 fxe6 12. h3 Nf6 13. dxe6 Bxe6 14. Bb5+ Kf7 15.
Qe2 a6 16. Ng5+ 1-0

[Event "Women's Speed Chess Q7"]
[Site "chess.com INT"]
[Date "2021.06.06"]
[Round "19"]
[White "Nanditha, V"]
[Black "Zawadzka, Jolanta"]
[Result "0-1"]
[WhiteTitle "WCM"]
[BlackTitle "WGM"]
[WhiteElo "1666"]
[BlackElo "2403"]
[WhiteFideId "46626697"]
[BlackFideId "1122320"]
[EventDate "2021.06.06"]

1. e4 d6 2. d4 Nf6 3. Nc3 Nbd7 4. Nf3 e5 5. dxe5 Nxe5 6. Nxe5 dxe5 7. Qxd8+ Kxd8
8. Bc4 Be6 9. Bxe6 fxe6 10. Bg5 Bd6 11. O-O-O Ke7 12. Rhe1 Bc5 13. f4 h6 14. Bh4
Bd6 15. Nb5 Rhf8 16. c4 a6 17. Nc3 b6 18. b4 Kf7 19. c5 bxc5 20. bxc5 Bxc5 21.
fxe5 Ng4 22. Rd7+ Kg6 23. h3 Nxe5 24. Rxc7 Bd4 25. Kc2 Rac8 26. Rxc8 Rxc8 27.
Bg3 Rxc3+ 28. Kd2 Rxg3 29. Ke2 Rxg2+ 30. Kf1 Rf2+ 31. Kg1 Nf3+ 32. Kh1 Rh2# 0-1

[Event "Women's Speed Chess Q7"]
[Site "chess.com INT"]
[Date "2021.06.06"]
[Round "19"]
[White "Kulkarni, Bhakti"]
[Black "Pourkashiyan, Atousa"]
[Result "1-0"]
[WhiteTitle "IM"]
[BlackTitle "WGM"]
[WhiteElo "2391"]
[BlackElo "2322"]
[WhiteFideId "5019516"]
[BlackFideId "12502014"]
[EventDate "2021.06.06"]

1. d4 Nf6 2. Nf3 e6 3. g3 d5 4. Bg2 Be7 5. O-O O-O 6. c4 c6 7. Qc2 Nbd7 8. Nbd2
b6 9. b3 Ba6 10. Bb2 Rc8 11. e4 dxe4 12. Nxe4 Nxe4 13. Qxe4 Nf6 14. Qe3 c5 15.
Rad1 cxd4 16. Nxd4 Qc7 17. Rfe1 h6 18. Nxe6 fxe6 19. Qxe6+ Rf7 20. Be5 Qc5 21.
Bxf6 Bxf6 22. Rd7 Rf8 23. Bd5 Bd4 24. Rxf7 Rxf7 25. Qxf7+ Kh7 26. Be4+ Kh8 27.
Qe8+ 1-0

[Event "Women's Speed Chess Q7"]
[Site "chess.com INT"]
[Date "2021.06.06"]
[Round "19"]
[White "Buksa, Nataliya"]
[Black "Arabidze, Meri"]
[Result "1-0"]
[WhiteTitle "IM"]
[BlackTitle "IM"]
[WhiteElo "2413"]
[BlackElo "2432"]
[WhiteFideId "14123622"]
[BlackFideId "13604040"]
[EventDate "2021.06.06"]

1. e4 c5 2. b3 b6 3. Bb2 Bb7 4. Nc3 Nc6 5. Nf3 Nf6 6. d4 cxd4 7. Nxd4 e6 8. Ndb5
d5 9. exd5 exd5 10. Nxd5 Nxd5 11. Qxd5 Qxd5 12. Nc7+ Kd7 13. Nxd5 Re8+ 14. Be2
Bc5 15. Bxg7 Nd4 16. Nf6+ Kc7 17. Nxe8+ Rxe8 18. Bxd4 Bxd4 19. O-O-O Bxf2 20.
Bf3 Ba6 21. c4 b5 22. Bd5 Re2 23. Kb1 f5 24. Rhf1 f4 25. Bf3 1-0

[Event "Women's Speed Chess Q7"]
[Site "chess.com INT"]
[Date "2021.06.06"]
[Round "19"]
[White "Zaksaite, Salomeja"]
[Black "Zaichenko, Daria"]
[Result "0-1"]
[WhiteTitle "WIM"]
[BlackTitle "WFM"]
[WhiteElo "2202"]
[BlackElo "2104"]
[WhiteFideId "12801496"]
[BlackFideId "4197453"]
[EventDate "2021.06.06"]

1. g3 d5 2. Bg2 e5 3. b3 c5 4. Bb2 Nc6 5. e3 Be6 6. Ne2 Bd6 7. d3 Nge7 8. Nd2
O-O 9. O-O f5 10. h3 d4 11. f4 dxe3 12. Nc4 Bxc4 13. bxc4 Nd4 14. fxe5 Bxe5 15.
c3 Nxe2+ 16. Qxe2 Bxg3 17. Qxe3 f4 18. Qxc5 Nf5 19. Bxb7 Rb8 20. Qd5+ Kh8 21.
Bc1 Qb6+ 22. c5 Qxb7 23. Qxb7 Rxb7 24. Bxf4 Re8 25. Bd2 g6 26. d4 Re2 27. Rad1
Rb2 0-1

[Event "Women's Speed Chess Q7"]
[Site "chess.com INT"]
[Date "2021.06.06"]
[Round "19"]
[White "Eswaran, Ashritha"]
[Black "Ortiz Verdezoto, Anahi"]
[Result "1-0"]
[WhiteTitle "WIM"]
[BlackTitle "WIM"]
[WhiteElo "2244"]
[BlackElo "2013"]
[WhiteFideId "2080788"]
[BlackFideId "3614581"]
[EventDate "2021.06.06"]

1. e4 e5 2. Nf3 d6 3. d4 exd4 4. Nxd4 Nf6 5. Nc3 g6 6. g3 Bg7 7. Bg2 O-O 8. O-O
Bg4 9. f3 Bc8 10. Bg5 Re8 11. Qd2 c6 12. Nb3 Be6 13. Rad1 d5 14. e5 Qb6+ 15. Be3
Qc7 16. exf6 Bxf6 17. Bd4 Bxd4+ 18. Nxd4 c5 19. Nxe6 fxe6 20. f4 Nd7 21. Rde1
Nf6 22. Bh3 Qf7 23. Qe2 Kg7 24. Qe5 d4 25. Ne4 Rad8 26. Nxc5 Rd5 27. Bxe6 Rxe5
28. fxe5 Qc7 29. exf6+ Kh6 30. f7 Rf8 31. Nd7 Rxf7 32. Rxf7 Qxc2 33. Nf8 d3 34.
Rxh7+ Kg5 35. h4+ Kf6 36. Nd7# 1-0

[Event "Women's Speed Chess Q7"]
[Site "chess.com INT"]
[Date "2021.06.06"]
[Round "19"]
[White "Shuvalova, Polina"]
[Black "Gunina, Valentina"]
[Result "0-1"]
[WhiteTitle "IM"]
[BlackTitle "GM"]
[WhiteElo "2489"]
[BlackElo "2436"]
[WhiteFideId "24171760"]
[BlackFideId "4167570"]
[EventDate "2021.06.06"]

1. e4 c6 2. d4 d5 3. exd5 cxd5 4. Bd3 Nc6 5. c3 g6 6. Qc2 Bg7 7. Nf3 Nh6 8. O-O
O-O 9. h3 Nf5 10. Bf4 Bd7 11. Nbd2 Rc8 12. Qb3 Na5 13. Qd1 b5 14. a3 Nc4 15. Rb1
Nfd6 16. Qe2 Bf5 17. Nb3 Bxd3 18. Qxd3 Ne4 19. Rfe1 e6 20. Ne5 a5 21. f3 Qh4 22.
fxe4 Qxf4 23. exd5 exd5 24. Nf3 Rfe8 25. Nc5 Qg3 26. b3 Nxa3 27. Ra1 b4 28. cxb4
axb4 29. Qd2 Nb5 30. Qxb4 Nxd4 31. Rxe8+ Rxe8 32. Nxd4 Qe3+ 33. Kh1 Bxd4 34. Rf1
Bxc5 35. Qb5 Bf8 36. Qd7 Qe6 37. Qb7 d4 38. Rd1 Qe2 0-1

[Event "Women's Speed Chess Q7"]
[Site "chess.com INT"]
[Date "2021.06.06"]
[Round "19"]
[White "Priyanka, K"]
[Black "Grineva, Marianna"]
[Result "0-1"]
[WhiteTitle "WIM"]
[BlackTitle "WFM"]
[WhiteElo "2218"]
[BlackElo "2029"]
[WhiteFideId "5082986"]
[BlackFideId "14102013"]
[EventDate "2021.06.06"]

1. e4 d6 2. d4 Nf6 3. Nc3 g6 4. Be3 Bg7 5. Qd2 Ng4 6. Bg5 h6 7. Bf4 e5 8. dxe5
Nxe5 9. Be2 Nbc6 10. Nf3 Be6 11. O-O-O Qf6 12. Nxe5 Nxe5 13. Be3 a6 14. f4 Nc6
15. Rhf1 b5 16. e5 Qe7 17. exd6 cxd6 18. Bf2 Rd8 19. Bf3 Nb4 20. Nd5 Nxd5 21.
Bxd5 O-O 22. Bxe6 fxe6 23. Bd4 e5 24. fxe5 dxe5 25. Qc3 exd4 26. Qb3+ Kh8 27.
Rxf8+ Rxf8 28. Kb1 Qe3 0-1

[Event "Women's Speed Chess Q7"]
[Site "chess.com INT"]
[Date "2021.06.06"]
[Round "19"]
[White "Komiagina, Maria"]
[Black "Perez Rodriguez, Jennifer"]
[Result "1-0"]
[WhiteTitle "WIM"]
[BlackTitle "WIM"]
[WhiteElo "2241"]
[BlackElo "2251"]
[WhiteFideId "4153987"]
[BlackFideId "3507831"]
[EventDate "2021.06.06"]

1. d4 e6 2. e4 d6 3. Nc3 b6 4. Bd3 Bb7 5. Nge2 Nd7 6. O-O e5 7. f4 Be7 8. fxe5
dxe5 9. d5 Bc5+ 10. Kh1 Ngf6 11. Ng3 O-O 12. Nf5 Re8 13. Qe1 Nf8 14. Qg3 Ng6 15.
Bg5 Be7 16. Nxe7+ Qxe7 17. Bxf6 gxf6 18. Nd1 Bc8 19. Ne3 Bd7 20. a4 Kh8 21. Bb5
Rg8 22. Bxd7 Qxd7 23. Nf5 Nf4 24. Qh4 Rg6 25. g3 Ne2 26. Rf2 Nd4 27. Nxd4 exd4
28. Rxf6 Rag8 29. Raf1 R8g7 30. Qf4 Kg8 31. Kg1 Qe7 32. e5 Qc5 33. e6 d3+ 34.
Rf2 dxc2 35. exf7+ Kf8 36. Qe5 c1=Q+ 37. Kg2 Qe7 38. Qxe7+ Kxe7 39. f8=Q+ Kd7
40. Rf7+ Rxf7 41. Rxf7# 1-0

[Event "Women's Speed Chess Q7"]
[Site "chess.com INT"]
[Date "2021.06.06"]
[Round "19"]
[White "Hng, Mei-En Emmanuelle"]
[Black "Ortez, Andrea"]
[Result "1-0"]
[WhiteTitle "WFM"]
[BlackTitle "WIM"]
[WhiteElo "2013"]
[BlackElo "1969"]
[WhiteFideId "5804566"]
[BlackFideId "6702392"]
[EventDate "2021.06.06"]

1. e4 c5 2. d4 cxd4 3. c3 d5 4. exd5 Qxd5 5. cxd4 Nc6 6. Nf3 e5 7. Nc3 Bb4 8.
Bd2 Bxc3 9. Bxc3 e4 10. Ne5 Nxe5 11. dxe5 Ne7 12. Qxd5 Nxd5 13. Bb5+ Bd7 14.
Bxd7+ Kxd7 15. O-O-O Ke6 16. Rhe1 Rac8 17. Rxe4 Nxc3 18. bxc3 Rxc3+ 19. Kb1 Rhc8
20. Re2 R8c6 21. g4 Rb6+ 22. Ka1 Rc5 23. f4 g6 24. h4 Rc4 25. Rf1 h5 26. f5+
gxf5 27. gxf5+ Ke7 28. Rd1 Rxh4 29. e6 fxe6 30. fxe6 Rg4 31. Rd7+ Ke8 32. Rd1
Ra4 33. e7 Rg4 34. Rd8+ 1-0

[Event "Women's Speed Chess Q7"]
[Site "chess.com INT"]
[Date "2021.06.06"]
[Round "19"]
[White "Padmini, Rout"]
[Black "Tania, Sachdev"]
[Result "0-1"]
[WhiteTitle "IM"]
[BlackTitle "IM"]
[WhiteElo "2370"]
[BlackElo "2392"]
[WhiteFideId "5029295"]
[BlackFideId "5007844"]
[EventDate "2021.06.06"]

1. e4 c5 2. Nf3 e6 3. d4 cxd4 4. Nxd4 b6 5. Nc3 Bb7 6. Be2 d6 7. O-O Nf6 8. f3
Nbd7 9. Be3 Be7 10. a4 O-O 11. a5 bxa5 12. Nb3 a4 13. Rxa4 Nc5 14. Nxc5 dxc5 15.
Qe1 Qb6 16. b3 Nd7 17. Qf2 Bf6 18. Rc4 Ba6 19. Na4 Qc6 20. Nxc5 Bxc4 21. Bxc4
Nxc5 22. Bxc5 Rfd8 23. b4 Rac8 24. Qe3 a5 25. c3 axb4 26. cxb4 Bd4 27. Bxd4 Qxc4
28. Bc5 Rd3 29. Qg5 Rc3 30. h4 h6 31. Qg3 Rc1 32. Rxc1 Qxc1+ 33. Kh2 Qc3 34. Bd6
Qf6 35. Be5 Qg6 36. Qf4 f6 37. Bd4 e5 38. Qd2 exd4 39. Qxd4 Qf7 40. b5 Qc7+ 41.
Kh3 Rb8 42. Qd5+ Kh8 43. h5 Qb7 44. Qf7 Qxb5 45. Qg6 Qg5 0-1

[Event "Women's Speed Chess Q7"]
[Site "chess.com INT"]
[Date "2021.06.06"]
[Round "19"]
[White "Nandhidhaa, P V"]
[Black "Balabayeva, Xeniya"]
[Result "0-1"]
[WhiteTitle "WGM"]
[BlackTitle "WFM"]
[WhiteElo "2365"]
[BlackElo "2116"]
[WhiteFideId "5050847"]
[BlackFideId "13719688"]
[EventDate "2021.06.06"]

1. b3 d5 2. Bb2 Bg4 3. g3 Nf6 4. Bg2 e6 5. Nf3 Be7 6. O-O Nbd7 7. d3 O-O 8. Nbd2
c5 9. e4 d4 10. h3 Bxf3 11. Nxf3 e5 12. Nh4 g6 13. Bc1 Kg7 14. f4 exf4 15. Bxf4
Nh5 16. Nf3 Nxf4 17. gxf4 Nf6 18. Qd2 Nh5 19. Kh2 Qc7 20. e5 f6 21. Rae1 fxe5
22. Nxe5 Bd6 23. Be4 Rxf4 24. Rxf4 Bxe5 25. Kh1 Bxf4 26. Qg2 Rf8 27. Bxb7 Ng3+
28. Kg1 Be3+ 29. Rxe3 dxe3 30. Bf3 Qf4 31. Be2 Qf2+ 32. Qxf2 exf2+ 33. Kg2 Nxe2 0-1

[Event "Women's Speed Chess Q7"]
[Site "chess.com INT"]
[Date "2021.06.06"]
[Round "19"]
[White "Cyfka, Karina"]
[Black "Kabanova, Ekaterina"]
[Result "1-0"]
[WhiteTitle "IM"]
[BlackTitle "WFM"]
[WhiteElo "2417"]
[BlackElo "2138"]
[WhiteFideId "1122681"]
[BlackFideId "24112917"]
[EventDate "2021.06.06"]

1. e4 c5 2. Nf3 e6 3. d3 a6 4. Nbd2 b5 5. g3 Bb7 6. Bg2 Qc7 7. O-O d6 8. Re1 Nd7
9. c3 Ngf6 10. Nf1 Be7 11. h3 O-O 12. g4 h6 13. Ng3 Nh7 14. Be3 Rfe8 15. Qd2 Bf8
16. h4 Ne5 17. g5 Nxf3+ 18. Bxf3 hxg5 19. hxg5 d5 20. Kg2 dxe4 21. Nxe4 g6 22.
Rh1 Bg7 23. Bf4 e5 24. Be3 Rad8 25. Rh3 Bxe4 26. Bxe4 Qd7 27. Rah1 Nf8 28. Bxc5
Qg4+ 29. Rg3 Qxe4+ 30. dxe4 Rxd2 31. b4 Ne6 32. Be3 Rxa2 33. Rgh3 Rd8 34. Rc1
Rd3 35. c4 bxc4 36. Rxc4 Bf8 37. Rc8 Kg7 38. Ra8 Rb3 39. Bc5 Nxc5 40. bxc5 Rc3
41. Rxc3 Rb2 42. c6 Bd6 43. c7 Bxc7 44. Rxc7 Rb4 45. Raa7 Rxe4 46. Rxf7+ Kg8 47.
Rfe7 1-0

[Event "Women's Speed Chess Q7"]
[Site "chess.com INT"]
[Date "2021.06.06"]
[Round "19"]
[White "Golubenko, Valentina"]
[Black "Bommini, Mounika Akshaya"]
[Result "1-0"]
[WhiteTitle "WGM"]
[BlackTitle "WFM"]
[WhiteElo "2209"]
[BlackElo "2029"]
[WhiteFideId "4501993"]
[BlackFideId "25019872"]
[EventDate "2021.06.06"]

1. d4 Nf6 2. g3 d5 3. Bg2 c5 4. c4 cxd4 5. Qxd4 dxc4 6. Qxd8+ Kxd8 7. Na3 Be6 8.
Bxb7 Bd5 9. Bxd5 Nxd5 10. Nxc4 Nc6 11. Bd2 Rc8 12. Nf3 Ncb4 13. Bxb4 Nxb4 14.
Rd1+ Ke8 15. b3 e6 16. O-O Be7 17. Nfe5 f6 18. Nd3 Nxd3 19. Rxd3 Kf7 20. Rd7
Rhd8 21. Rfd1 Ke8 22. Rxd8+ Rxd8 23. Rc1 Kd7 24. Kg2 Rc8 25. Rd1+ Kc7 26. Rd3
Rd8 27. Re3 e5 28. Rc3 Bb4 29. Rc2 Kb7 30. Kf3 Be7 31. a3 Rd4 32. e3 Rd1 33. b4
Bd8 34. Ke2 Rd7 35. Rd2 Rxd2+ 36. Kxd2 e4 37. Kc3 f5 38. Kd4 Bf6+ 39. Kd5 Kc7
40. Nd6 g6 41. Ne8+ Kb6 42. Nxf6 Kb5 43. Nxh7 Ka4 44. Kc4 Kxa3 45. Nf8 g5 46.
Ne6 1-0

[Event "Women's Speed Chess Q7"]
[Site "chess.com INT"]
[Date "2021.06.06"]
[Round "19"]
[White "Head, Louise"]
[Black "Grigoryan, Meri"]
[Result "0-1"]
[WhiteTitle "WFM"]
[BlackTitle "WFM"]
[WhiteElo "2090"]
[BlackElo "2044"]
[WhiteFideId "424773"]
[BlackFideId "13300571"]
[EventDate "2021.06.06"]

1. d4 d5 2. c4 e5 3. Nc3 dxc4 4. dxe5 Qxd1+ 5. Nxd1 Nc6 6. e3 Bb4+ 7. Bd2 Be6 8.
Nc3 O-O-O 9. Nf3 Nge7 10. Rc1 Ng6 11. Ne4 Bxd2+ 12. Nexd2 Ngxe5 13. Nxe5 Nxe5
14. Nxc4 Bxc4 15. Bxc4 Nd3+ 16. Bxd3 Rxd3 17. Ke2 Rhd8 18. Rc2 c6 19. Rhc1 Kc7
20. f3 Kb6 21. e4 f6 22. Re1 a5 23. Kf2 Rd2+ 24. Re2 Rxc2 25. Rxc2 Kb5 26. Ke3
c5 27. f4 c4 28. g4 Rd3+ 29. Ke2 Rh3 30. Kf1 a4 31. Kg2 Re3 32. e5 fxe5 33. fxe5
Rxe5 34. Rf2 Re7 35. Kg3 Kb4 36. Rf3 Rc7 37. a3+ Kc5 38. Rf5+ Kb6 39. Rf3 Ka5
40. Re3 b5 41. Kf4 b4 42. Re5+ Kb6 43. axb4 c3 44. bxc3 Rxc3 45. Ra5 Rc4+ 46.
Kf5 Rxb4 47. Ra8 Rb5+ 48. Ke6 Ra5 49. Rb8+ Kc5 50. Kf7 Ra7+ 51. Kg8 h6 52. h4 a3
53. Rb1 a2 54. Ra1 g5 55. hxg5 hxg5 56. Kf8 Kd5 0-1

[Event "Women's Speed Chess Q7"]
[Site "chess.com INT"]
[Date "2021.06.06"]
[Round "19"]
[White "Bodnaruk, Anastasia"]
[Black "Semenova, Elena1"]
[Result "1-0"]
[WhiteTitle "IM"]
[BlackTitle "WIM"]
[WhiteElo "2446"]
[BlackElo "2246"]
[WhiteFideId "4181751"]
[BlackFideId "24125148"]
[EventDate "2021.06.06"]

1. e4 e5 2. Nf3 Nf6 3. d4 Nxe4 4. dxe5 d5 5. Nbd2 Nxd2 6. Qxd2 Be7 7. Bd3 c5 8.
c3 Nc6 9. h3 Be6 10. O-O Qd7 11. Qe2 Bf5 12. Rd1 Rd8 13. Bf4 O-O 14. g4 Bxd3 15.
Qxd3 Qe6 16. Bg3 f5 17. exf6 Qxf6 18. Kg2 Kh8 19. Re1 Bd6 20. Re3 Bxg3 21. fxg3
d4 22. cxd4 Nxd4 23. Ne5 Qf2+ 24. Kh1 Nf3 25. Rxf3 Qxf3+ 26. Qxf3 Rxf3 27. Nxf3
h6 28. Kg2 Re8 29. Re1 Rd8 30. h4 Rd3 31. g5 h5 32. g6 Rd8 33. Ng5 Kg8 34. Re7
Rd2+ 35. Kf3 Rd8 36. Ne6 Rd3+ 37. Ke4 Rd4+ 38. Nxd4 1-0

[Event "Women's Speed Chess Q7"]
[Site "chess.com INT"]
[Date "2021.06.06"]
[Round "19"]
[White "Varshini, V"]
[Black "Frayna, Janelle Mae"]
[Result "1-0"]
[WhiteTitle "WGM"]
[BlackTitle "WGM"]
[WhiteElo "2226"]
[BlackElo "2179"]
[WhiteFideId "5091241"]
[BlackFideId "5212499"]
[EventDate "2021.06.06"]

1. e4 Nf6 2. e5 Nd5 3. c4 Nb6 4. d4 d6 5. exd6 cxd6 6. Nf3 g6 7. Be2 Bg7 8. O-O
O-O 9. Be3 d5 10. c5 Nc4 11. Bxc4 dxc4 12. Nbd2 Be6 13. Qc2 Nc6 14. Nxc4 Nb4 15.
Qc3 Nd5 16. Qd2 b5 17. Nce5 Rc8 18. Rac1 a5 19. Qe2 b4 20. Rfd1 Qc7 21. Nc4 Rfd8
22. h3 a4 23. a3 b3 24. Ng5 Bf5 25. Nf3 Bc2 26. Re1 Re8 27. Nfe5 Rcd8 28. Bd2 f6
29. Ba5 Qb7 30. Bxd8 fxe5 31. Ba5 exd4 32. Nb6 e5 33. Qc4 Rd8 34. Nxd5 Qxd5 35.
Qxd5+ Rxd5 36. Bb4 Bf8 37. c6 e4 38. c7 d3 39. c8=Q 1-0

[Event "Women's Speed Chess Q7"]
[Site "chess.com INT"]
[Date "2021.06.06"]
[Round "19"]
[White "Koridze, Lile"]
[Black "Zakirova, Aisha"]
[Result "0-1"]
[WhiteTitle "WFM"]
[BlackTitle "WCM"]
[WhiteElo "2016"]
[BlackElo "1585"]
[WhiteFideId "13612514"]
[BlackFideId "13719734"]
[EventDate "2021.06.06"]

1. d4 Nf6 2. c4 g6 3. Nc3 d5 4. Nf3 Bg7 5. Bg5 dxc4 6. e4 c5 7. d5 O-O 8. Bxc4
Bg4 9. O-O Nbd7 10. Be2 Rc8 11. h3 Bxf3 12. Bxf3 Ne5 13. Be2 a6 14. Be3 b5 15.
Rc1 b4 16. Na4 Nxe4 17. Bxa6 Ra8 18. Bb5 Nd6 19. Qe2 Qa5 20. Nxc5 Qxb5 21. Qd1
Nec4 22. Qe2 Nxe3 23. Qxe3 Nc4 24. Qe2 Nd6 25. Qc2 Rac8 26. Rfd1 Ne4 27. Qxe4
Rxc5 28. Qxe7 Rxc1 29. Rxc1 Qxd5 30. Qxb4 Re8 31. a4 Bd4 32. a5 Re2 33. Rc8+ Kg7
34. Qf8+ Kf6 35. Qh8+ Kg5 36. h4+ Kg4 37. Qd8 Bxf2+ 38. Kh2 Bg3+ 39. Kg1 Qxg2# 0-1

[Event "Women's Speed Chess Q7"]
[Site "chess.com INT"]
[Date "2021.06.06"]
[Round "19"]
[White "Nurmanova, Alua"]
[Black "Nikolova, Adriana"]
[Result "1-0"]
[WhiteTitle "WFM"]
[BlackTitle "WGM"]
[WhiteElo "2093"]
[BlackElo "2243"]
[WhiteFideId "13729390"]
[BlackFideId "2908689"]
[EventDate "2021.06.06"]

1. e4 c6 2. d3 d5 3. Nd2 dxe4 4. dxe4 Nf6 5. g3 Bg4 6. f3 Bh5 7. Bg2 e6 8. Ne2
Nbd7 9. O-O Qb6+ 10. Kh1 Bb4 11. Nc4 Qc7 12. c3 Be7 13. Nf4 Bg6 14. Qe2 b5 15.
Ne3 a5 16. c4 b4 17. b3 Bc5 18. Bb2 e5 19. Nd3 Bd4 20. Bxd4 exd4 21. Nf5 Bxf5
22. exf5+ Kf8 23. Rae1 h5 24. Qf2 h4 25. gxh4 c5 26. Qg3 Qb6 27. f4 Qd6 28. Bxa8
Kg8 29. Rg1 Nh5 30. Re8+ Kh7 31. Rxh8+ Kxh8 32. Qf3 Ndf6 33. Ne5 Qe7 34. Bd5 Kh7
35. Bxf7 d3 36. Bxh5 d2 37. Bg6+ Kh8 38. Qa8+ Ng8 39. Nf7+ Qxf7 40. Bxf7 Kh7 41.
Qxg8+ Kh6 42. Qh8# 1-0

[Event "Women's Speed Chess Q7"]
[Site "chess.com INT"]
[Date "2021.06.06"]
[Round "19"]
[White "Arpita, Mukherjee"]
[Black "Nguyen, Hong Ngoc"]
[Result "1-0"]
[WhiteTitle "WIM"]
[BlackTitle "WCM"]
[WhiteElo "2206"]
[BlackElo "1957"]
[WhiteFideId "5056403"]
[BlackFideId "12403083"]
[EventDate "2021.06.06"]

1. e4 c5 2. Nf3 d6 3. Bb5+ Bd7 4. Bxd7+ Nxd7 5. c4 Ngf6 6. Nc3 e5 7. d3 g6 8.
O-O Bg7 9. a3 O-O 10. b4 a6 11. h3 Ne8 12. Be3 Nc7 13. bxc5 dxc5 14. Rb1 Rb8 15.
Nd5 Nxd5 16. cxd5 b5 17. Qd2 Qe7 18. Rfc1 Rfc8 19. Bh6 Nf6 20. Bxg7 Kxg7 21. Qa5
Qd6 22. Qe1 c4 23. d4 Qxa3 24. dxe5 Nd7 25. Qd2 c3 26. Qg5 c2 27. Ra1 Qc3 28. e6
fxe6 29. Qe7+ Kh8 30. Qxd7 exd5 31. exd5 b4 32. Rxa6 b3 33. Ra7 Rc7 34. Rxc7
Qxc7 35. Qxc7 Rb4 36. Rxc2 bxc2 37. Qxc2 Kg7 38. Qc3+ Kh6 39. Qxb4 g5 40. d6 Kh5
41. d7 h6 42. Qg4+ Kg6 43. d8=Q h5 44. Qe8+ Kh7 45. Qgxh5+ Kg7 46. Qeh8# 1-0

[Event "Women's Speed Chess Q7"]
[Site "chess.com INT"]
[Date "2021.06.06"]
[Round "19"]
[White "Belenkaya, Dina"]
[Black "Zhou, Qiyu"]
[Result "0-1"]
[WhiteTitle "WGM"]
[BlackTitle "FM"]
[WhiteElo "2341"]
[BlackElo "2229"]
[WhiteFideId "24142654"]
[BlackFideId "505161"]
[EventDate "2021.06.06"]

1. e4 e5 2. Nf3 Nc6 3. Bb5 a6 4. Ba4 Nf6 5. d3 b5 6. Bb3 Bc5 7. c3 O-O 8. O-O d6
9. Bg5 h6 10. Bh4 Kh8 11. Nbd2 g5 12. Bg3 Bb6 13. Re1 Bg4 14. h3 Bh5 15. Nf1 Qd7
16. Ne3 Bxe3 17. Rxe3 Bg6 18. a4 Rab8 19. axb5 axb5 20. Re1 Nh5 21. Bd5 Ne7 22.
Ra7 Nxd5 23. exd5 f5 24. Nxe5 dxe5 25. Bxe5+ Kg8 26. Rxc7 Qxd5 27. d4 Rbc8 28.
Re7 Rce8 29. Rc7 Rf7 30. Rc5 Qe6 31. Rxb5 Nf4 32. f3 Qc4 33. Rc5 Qa6 34. Qd2 Nd3
35. Re3 Nxc5 36. dxc5 Qc6 37. Bd6 Rxe3 38. Qxe3 Kh7 39. Qe6 Qd7 40. Qd5 f4 41.
c6 Qf5 42. Qxf5 Bxf5 43. b4 Rf6 44. Be5 Rxc6 45. Kf2 Bd3 46. Ke1 Bb5 47. Kd2 Rc4
48. Bd4 Kg6 49. Kc2 Kf5 0-1

[Event "Women's Speed Chess Q7"]
[Site "chess.com INT"]
[Date "2021.06.06"]
[Round "19"]
[White "Vo, Thi Kim Phung"]
[Black "Gaponenko, Inna"]
[Result "1-0"]
[WhiteTitle "WGM"]
[BlackTitle "IM"]
[WhiteElo "2335"]
[BlackElo "2357"]
[WhiteFideId "12401838"]
[BlackFideId "14101181"]
[EventDate "2021.06.06"]

1. d4 g6 2. c4 Bg7 3. Nc3 c5 4. dxc5 Na6 5. Bd2 Nxc5 6. e3 Nf6 7. Nf3 O-O 8. Be2
d6 9. O-O b6 10. Nd4 Bb7 11. Bf3 Rc8 12. Rc1 Qd7 13. b3 Nce4 14. Nxe4 Nxe4 15.
Bb4 a5 16. Ba3 Ng5 17. Bxb7 Qxb7 18. Nb5 h5 19. h3 Qd7 20. Qe2 Ne4 21. Rfd1 Qf5
22. Qf3 Qxf3 23. gxf3 Ng5 24. Kg2 Ne6 25. f4 f5 26. Kf3 Kf7 27. Rg1 Bf6 28. Rg2
Nc5 29. Rcg1 Rg8 30. Bxc5 Rxc5 31. Rd1 a4 32. Rgg1 axb3 33. axb3 Ra8 34. Rd3 Ra2
35. Rgd1 Rc8 36. R1d2 Rxd2 37. Rxd2 Ra8 38. Rd3 Rc8 39. Rd2 Ra8 40. Nc7 Ra3 41.
Rd3 e6 42. Nb5 Be7 43. Kg2 Ra2 44. Nxd6+ Bxd6 45. Rxd6 1-0

[Event "Women's Speed Chess Q7"]
[Site "chess.com INT"]
[Date "2021.06.06"]
[Round "19"]
[White "Kashlinskaya, Alina"]
[Black "Morris-Suzuki, Sophie"]
[Result "0-1"]
[WhiteTitle "IM"]
[BlackTitle "WFM"]
[WhiteElo "2494"]
[BlackElo "2043"]
[WhiteFideId "4198026"]
[BlackFideId "30922615"]
[EventDate "2021.06.06"]

1. d4 d5 2. c4 dxc4 3. e3 e5 4. Bxc4 exd4 5. exd4 Bd6 6. Nc3 Nf6 7. Qe2+ Qe7 8.
Qxe7+ Bxe7 9. Nf3 O-O 10. O-O a6 11. Re1 Bd6 12. Ne5 Bf5 13. Bg5 Nbd7 14. Rad1
h6 15. Bh4 Ng4 16. Nxg4 Bxg4 17. f3 Bf5 18. Be7 Rfe8 19. Bxd6 cxd6 20. Kf2 Nf6
21. Nd5 Rac8 22. Nxf6+ gxf6 23. Bb3 Kg7 24. Rxe8 Rxe8 25. Bd5 b5 26. Rc1 Bd3 27.
Rc7 Re2+ 28. Kg3 Rxb2 29. Rxf7+ Kg6 30. f4 Bc4 31. Bxc4 bxc4 32. Rc7 d5 33. Kf3
Rxa2 34. g4 f5 35. Rc6+ Kg7 36. g5 hxg5 37. fxg5 Rxh2 38. Kf4 Rf2+ 39. Ke5 f4
40. Kf5 f3 41. Rc7+ Kf8 42. Kf6 Ke8 43. g6 Rg2 44. Re7+ Kd8 45. Re3 f2 46. Rf3
c3 47. Ke6 c2 48. Kd6 Rxg6+ 49. Kxd5 c1=Q 50. Rf8+ Ke7 51. Rxf2 Qg5+ 52. Ke4
Re6+ 53. Kd3 Qe3+ 54. Kc4 Qxf2 55. Kd5 Qf3+ 56. Kc5 Rc6+ 57. Kb4 Qc3+ 58. Ka4
Rc4# 0-1